Zajímavá algebra

Saved in:
Bibliographic Details
Main Author: Perel'man, Jakov I.
Format: Book
Language:Czech
Published: Praha Státní nakladatelství technické literatury 1985
Series:Polytechnická knižnice
Tags: Add Tag
No Tags, Be the first to tag this record!

MARC

LEADER 00000nam a2200000 4500
001 c023713
005 20240419074523.6
041 0 |a cze 
044 |a CZ 
245 1 0 |a Zajímavá algebra  |c Jakov I. Perel'man 
264 1 |a Praha  |b Státní nakladatelství technické literatury  |c 1985 
300 |a 169 s. 
490 1 |a Polytechnická knižnice 
830 0 |a Polytechnická knižnice 
100 1 |a Perel'man, Jakov I.